[Event "DSOL 04 Liga Gr-C 1st"]
[Site "Playchess.com INT"]
[Date "2020.07.29"]
[Round "6.2"]
[White "Wilhelm, Andreas"]
[Black "Huhnstock, Rico"]
[Result "1-0"]
[WhiteElo "1785"]
[BlackElo "1986"]
[PlyCount "73"]
[EventDate "2020.06.22"]
[EventType "team-tourn (rapid)"]
[EventCountry "GER"]
[SourceTitle "EXT 2021"]
[Source "ChessBase"]
[SourceDate "2020.10.23"]
[SourceVersion "1"]
[SourceVersionDate "2020.10.23"]
[SourceQuality "1"]
[WhiteTeam "Alzenau Koenigsspringer"]
[BlackTeam "Lauenburg SV"]
[WhiteTeamCountry "GER"]
[BlackTeamCountry "GER"]

1. d4 Nf6 2. Bf4 g6 3. e3 Bg7 4. Be2 d6 5. h4 h6 6. Nc3 Nbd7 7. Qd2 Nb6 8. e4 d5 9. f3 e6 10. Nb5 c6 11. Nc7+ Kf8 12. Nxa8 Nxa8 13. exd5 Nxd5 14. Be5 f6 15. Bh2 h5 16. Nh3 Bh6 17. Qd3 Kf7 18. c4 Ne3 19. Ng5+ fxg5 20. Qxe3 gxh4 21. Bf4 g5 22. Be5 Bg7 23. 0-0-0 Nb6 24. Bd3 Bxe5 25. dxe5 Kg7 26. Qe4 Qe8 27. f4 g4 28. Rxh4 Na4 29. Bc2 Nc5 30. Qe3 b6 31. Rd6 Nb7 32. Rd1 Nc5 33. Rdh1 Qf7 34. b3 a5 35. Qg3 Rh6 36. Rxh5 Rxh5 37. Qxg4+ 1-0

[Event "Hamburg St Pauli op-A"]
[Site "Hamburg"]
[Date "2010.07.11"]
[Round "2"]
[White "Huhnstock, Rico"]
[Black "Thiessen, Ulrich"]
[Result "0-1"]
[WhiteElo "1918"]
[BlackElo "2040"]
[PlyCount "98"]
[EventDate "2010.07.10"]
[EventType "swiss"]
[EventRounds "9"]
[EventCountry "GER"]
[SourceTitle "EXT 2013"]
[Source "ChessBase"]
[SourceDate "2012.11.22"]
[SourceVersion "1"]
[SourceVersionDate "2012.11.22"]
[SourceQuality "1"]

1. e4 e6 2. d4 d5 3. Nd2 Nf6 4. e5 Nfd7 5. f4 c5 6. c3 Nc6 7. Ndf3 a6 8. Bd3 Be7 9. Ne2 0-0 10. a3 cxd4 11. cxd4 f6 12. 0-0 f5 13. Be3 Nb6 14. Qd2 Bd7 15. h3 Na7 16. g4 g6 17. gxf5 gxf5 18. Kh2 Bb5 19. Rg1+ Kh8 20. b3 Qd7 21. Nc3 Bxd3 22. Qxd3 Nb5 23. a4 Nxc3 24. Qxc3 Rac8 25. Qd3 Qe8 26. Ng5 Bb4 27. Rac1 h6 28. Nf3 Qh5 29. Bf2 Be7 30. Qe3 Nd7 31. Nd2 Nb8 32. Qg3 Qf7 33. Be3 Rxc1 34. Rxc1 Rg8 35. Qf2 Nc6 36. Nf3 Qh5 37. Bd2 Kh7 38. Rf1 Qe8 39. Rg1 Rxg1 40. Qxg1 Qd8 41. Qe3 Qb6 42. Qd3 Ba3 43. Be3 Na5 44. Nd2 Bc1 45. Qc3 Bxd2 46. Bxd2 Nxb3 47. Qc8 Qc6 48. Qf8 Qc7 49. Bb4 Qg7 0-1

[Event "GER-ch U25"]
[Site "Oberhof"]
[Date "2010.05.29"]
[Round "9"]
[White "Zentgraf, Robert"]
[Black "Huhnstock, Rico"]
[Result "1-0"]
[WhiteElo "2107"]
[BlackElo "1918"]
[PlyCount "43"]
[EventDate "2010.05.22"]
[EventType "swiss"]
[EventRounds "9"]
[EventCountry "GER"]
[SourceTitle "CBM 136 Extra"]
[Source "ChessBase"]
[SourceDate "2010.07.02"]
[SourceVersion "2"]
[SourceVersionDate "2010.07.15"]
[SourceQuality "1"]

1. e4 c5 2. c3 Nf6 3. e5 Nd5 4. d4 cxd4 5. cxd4 d6 6. exd6 e6 7. Nc3 Bxd6 8. Nf3 0-0 9. Bc4 Nb6 10. Bd3 N8d7 11. 0-0 Nf6 12. a3 Bd7 13. Bg5 Be7 14. Re1 Nbd5 15. Ne5 Rc8 16. Nxd5 Nxd5 17. Qh5 f5 18. Bxe7 Qxe7 19. Qf3 Qd6 20. Bc4 Bc6 21. Nxc6 Rxc6 22. Rxe6 1-0

[Event "GER-ch U25"]
[Site "Oberhof"]
[Date "2010.05.25"]
[Round "4"]
[White "Huhnstock, Rico"]
[Black "Schneider, Johannes"]
[Result "1-0"]
[WhiteElo "1918"]
[BlackElo "1801"]
[PlyCount "83"]
[EventDate "2010.05.22"]
[EventType "swiss"]
[EventRounds "9"]
[EventCountry "GER"]
[SourceTitle "CBM 136 Extra"]
[Source "ChessBase"]
[SourceDate "2010.07.02"]
[SourceVersion "2"]
[SourceVersionDate "2010.07.15"]
[SourceQuality "1"]

1. e4 c5 2. Nc3 e6 3. f4 a6 4. a4 b6 5. Nf3 Bb7 6. Be2 d6 7. 0-0 Nd7 8. d4 cxd4 9. Nxd4 Ngf6 10. Bf3 Nc5 11. Qe2 d5 12. e5 Nfe4 13. Bxe4 Nxe4 14. Nxe4 dxe4 15. Be3 Bc5 16. Rad1 Qc7 17. c3 Bxd4 18. Rxd4 0-0 19. Rb4 b5 20. axb5 axb5 21. Qxb5 Ba6 22. Qc5 Qxc5 23. Bxc5 Bxf1 24. Bxf8 Bd3 25. Bc5 f5 26. Rb6 Ra6 27. Rxa6 Bxa6 28. Kf2 Kf7 29. Ke3 Ke8 30. Kd4 Kd7 31. c4 Kc6 32. b4 Kd7 33. Kc3 g6 34. Be3 Bb7 35. b5 Kc7 36. c5 Bd5 37. Kb4 Kb8 38. c6 Kc7 39. Kc5 h6 40. b6+ Kc8 41. Kd6 h5 42. b7+ 1-0

[Event "GER-ch U25"]
[Site "Oberhof"]
[Date "2010.05.25"]
[Round "5"]
[White "Wurm, Alexander"]
[Black "Huhnstock, Rico"]
[Result "1-0"]
[WhiteElo "2063"]
[BlackElo "1918"]
[PlyCount "71"]
[EventDate "2010.05.22"]
[EventType "swiss"]
[EventRounds "9"]
[EventCountry "GER"]
[SourceTitle "CBM 136 Extra"]
[Source "ChessBase"]
[SourceDate "2010.07.02"]
[SourceVersion "2"]
[SourceVersionDate "2010.07.15"]
[SourceQuality "1"]

1. e4 c5 2. Nf3 Nc6 3. d4 cxd4 4. Nxd4 e5 5. Nb5 d6 6. N1c3 a6 7. Na3 b5 8. Nd5 Nce7 9. c4 Nxd5 10. exd5 bxc4 11. Nxc4 Nf6 12. Be2 Bb7 13. Bg5 Be7 14. Bxf6 Bxf6 15. Qa4+ Ke7 16. Rd1 Rb8 17. 0-0 Qd7 18. Qa3 Rhd8 19. f4 exf4 20. Rxf4 Kf8 21. Qd3 Kg8 22. Rdf1 Qe7 23. Bd1 Be5 24. Rxf7 Qxf7 25. Rxf7 Kxf7 26. Nxe5+ dxe5 27. d6 e4 28. Bb3+ Kg6 29. Qg3+ Kf5 30. Qxg7 Rxd6 31. Qxh7+ Kf4 32. Qh4+ Kf5 33. g4+ Kg6 34. Qh5+ Kf6 35. Qf7+ Ke5 36. Qe7+ 1-0

[Event "GER-chT U16"]
[Site "Bingen"]
[Date "2008.12.28"]
[Round "4.3"]
[White "Gogol, Max"]
[Black "Huhnstock, Rico"]
[Result "1/2-1/2"]
[WhiteElo "1643"]
[BlackElo "1876"]
[PlyCount "65"]
[EventDate "2008.12.27"]
[EventType "team-swiss"]
[EventRounds "7"]
[EventCountry "GER"]
[SourceTitle "EXT 2010"]
[Source "ChessBase"]
[SourceDate "2010.11.25"]
[SourceVersion "1"]
[SourceVersionDate "2010.11.25"]
[SourceQuality "1"]
[WhiteTeam "Kiel Meerbauer U16"]
[BlackTeam "Segeberg SF U16"]
[WhiteTeamCountry "GER"]
[BlackTeamCountry "GER"]

1. Nf3 d5 2. g3 Nf6 3. Bg2 g6 4. d3 Bg7 5. 0-0 0-0 6. Nc3 c5 7. e4 d4 8. Ne2 Nc6 9. Nd2 e5 10. h3 Ne8 11. f4 f5 12. Kh2 Nd6 13. fxe5 Nxe5 14. Nf4 Rb8 15. a4 Re8 16. b3 b6 17. exf5 Nxf5 18. Nc4 Nxc4 19. bxc4 Bb7 20. Bxb7 Rxb7 21. Qf3 Rbe7 22. Bd2 Be5 23. Rae1 Bxf4 24. Qxf4 Rxe1 25. Rxe1 Rxe1 26. Bxe1 Qe7 27. Qf2 Ne3 28. Qe2 Qe5 29. Qf3 Nxc2 30. Qa8+ Kg7 31. Qxa7+ Kf8 32. Qa8+ Qe8 33. Qf3+ 1/2-1/2

[Event "GER North-chT U16"]
[Site "Verden an der Aller"]
[Date "2008.09.14"]
[Round "6.3"]
[White "Huhnstock, Rico"]
[Black "Schiffner, Alexander"]
[Result "1-0"]
[WhiteElo "1880"]
[BlackElo "1564"]
[PlyCount "91"]
[EventDate "2008.09.12"]
[EventType "team-swiss"]
[EventRounds "6"]
[EventCountry "GER"]
[SourceTitle "EXT 2011"]
[Source "ChessBase"]
[SourceDate "2010.11.26"]
[SourceVersion "1"]
[SourceVersionDate "2010.11.26"]
[SourceQuality "1"]
[WhiteTeam "Segeberg SF"]
[BlackTeam "Magdeburg Aufbau Elbe"]
[WhiteTeamCountry "GER"]
[BlackTeamCountry "GER"]

1. e4 c5 2. Nf3 e6 3. d4 cxd4 4. Nxd4 Nc6 5. Nc3 Nf6 6. Ndb5 d6 7. Bf4 e5 8. Bg5 a6 9. Na3 b5 10. Nd5 Be7 11. Bxf6 Bxf6 12. c3 Be6 13. Nc2 0-0 14. Nce3 Rb8 15. Be2 Kh8 16. 0-0 Ne7 17. Bg4 Qd7 18. h3 Ng6 19. g3 Bxg4 20. Nxf6 gxf6 21. hxg4 Rg8 22. Qf3 Qe6 23. Kg2 Ne7 24. Rh1 Rbd8 25. Rad1 Rg7 26. Nf5 Nxf5 27. gxf5 Qe7 28. Rh6 Kg8 29. Rdh1 Kf8 30. Rxh7 Rxh7 31. Rxh7 Ke8 32. Qd3 Kd7 33. Qd5 Rf8 34. Qb7+ Ke8 35. Qxa6 Qd7 36. c4 bxc4 37. Qxc4 Qb7 38. b4 Qa8 39. b5 Ke7 40. a4 Qb7 41. a5 Kd8 42. a6 Qa8 43. b6 Qb8 44. a7 Qa8 45. Qc7+ Ke8 46. b7 1-0

[Event "GER North-chT U16"]
[Site "Verden an der Aller"]
[Date "2008.09.12"]
[Round "2.3"]
[White "Huhnstock, Rico"]
[Black "Gogol, Max"]
[Result "0-1"]
[WhiteElo "1880"]
[BlackElo "1551"]
[PlyCount "155"]
[EventDate "2008.09.12"]
[EventType "team-swiss"]
[EventRounds "6"]
[EventCountry "GER"]
[SourceTitle "EXT 2011"]
[Source "ChessBase"]
[SourceDate "2010.11.26"]
[SourceVersion "1"]
[SourceVersionDate "2010.11.26"]
[SourceQuality "1"]
[WhiteTeam "Segeberg SF"]
[BlackTeam "Kiel Meerbauer"]
[WhiteTeamCountry "GER"]
[BlackTeamCountry "GER"]

1. e4 c5 2. Nf3 e6 3. d4 cxd4 4. Nxd4 a6 5. Nc3 Qc7 6. Be2 Nf6 7. 0-0 Be7 8. Be3 d6 9. f4 0-0 10. Bf3 Nbd7 11. Qd2 Rb8 12. Bf2 b5 13. a3 Bb7 14. f5 e5 15. Nb3 Nc5 16. Rfe1 Nfd7 17. Rad1 Nb6 18. Nxc5 dxc5 19. h3 Rfd8 20. Nd5 Bxd5 21. exd5 Qd6 22. Qe3 f6 23. c3 c4 24. b4 Na4 25. Be4 Rd7 26. Rd2 Bd8 27. Rde2 Bb6 28. Qf3 Bxf2+ 29. Rxf2 Qc7 30. Kh1 Rd6 31. g4 Qe7 32. h4 Kf8 33. Qe3 Ra8 34. Rg2 Qa7 35. Qf3 Qf7 36. Qe3 Ke7 37. Qg3 Nb6 38. Rd2 Rad8 39. Qg2 Na4 40. Qf3 Nb6 41. Qe3 R8d7 42. Bf3 Rd8 43. Kg2 Kf8 44. Be4 Ke8 45. Qf3 R8d7 46. Kg3 Ke7 47. g5 h6 48. gxh6 gxh6 49. Kh3 Rd8 50. Qg2 Rg8 51. Qf3 Nc8 52. Rg2 Rxg2 53. Qxg2 Rd8 54. Qf2 Nd6 55. Qf3 Qg7 56. Bc2 Rg8 57. Bb1 h5 58. Rf1 Qg4+ 59. Qxg4 Rxg4 60. Bc2 Rg7 61. Bd1 Rh7 62. Be2 Ne4 63. Rc1 Nd6 64. Rf1 Ne4 65. Rc1 Kd6 66. Bf3 Nf2+ 67. Kg2 Nd3 68. Rd1 Rg7+ 69. Kh2 Nf4 70. Rd2 Re7 71. Rd1 e4 72. Bh1 e3 73. Bf3 e2 74. Re1 Nd3 75. Rxe2 Rxe2+ 76. Bxe2 Nf4 77. Bf3 Nxd5 78. Bxh5 0-1

[Event "Rostock op"]
[Site "Rostock"]
[Date "2008.08.30"]
[Round "6"]
[White "Huhnstock, Rico"]
[Black "Raitza, Egon"]
[Result "1/2-1/2"]
[WhiteElo "1885"]
[BlackElo "1869"]
[PlyCount "42"]
[EventDate "2008.08.28"]
[EventType "swiss"]
[EventRounds "7"]
[EventCountry "GER"]
[SourceTitle "CBM 126 Extra"]
[Source "ChessBase"]
[SourceDate "2008.11.05"]
[SourceVersion "1"]
[SourceVersionDate "2008.11.05"]
[SourceQuality "1"]

1. e4 e6 2. d4 d5 3. Nd2 dxe4 4. Nxe4 Nd7 5. Bd3 Ngf6 6. Nxf6+ Nxf6 7. Ne2 Be7 8. 0-0 0-0 9. c3 h6 10. Ng3 b6 11. Ne4 Bb7 12. f3 Rc8 13. Be3 Nd5 14. Bf2 c5 15. Bc2 c4 16. Re1 Qd7 17. Rc1 f5 18. Ng3 Bg5 19. Rb1 b5 20. Qe2 Nf4 21. Qe5 Bd5 1/2-1/2

[Event "Rostock op"]
[Site "Rostock"]
[Date "2008.08.28"]
[Round "1"]
[White "Huhnstock, Rico"]
[Black "Schreiber, Felix"]
[Result "1-0"]
[WhiteElo "1885"]
[BlackElo "1292"]
[PlyCount "45"]
[EventDate "2008.08.28"]
[EventType "swiss"]
[EventRounds "7"]
[EventCountry "GER"]
[SourceTitle "CBM 126 Extra"]
[Source "ChessBase"]
[SourceDate "2008.11.05"]
[SourceVersion "1"]
[SourceVersionDate "2008.11.05"]
[SourceQuality "1"]

1. e4 e5 2. Nf3 Nf6 3. Nxe5 d6 4. Nf3 Nxe4 5. Nc3 Nxc3 6. dxc3 Bg4 7. Bc4 Nc6 8. Bf4 Be7 9. h3 Bxf3 10. Qxf3 0-0 11. 0-0-0 Bg5 12. Kb1 Bxf4 13. Qxf4 Ne5 14. Bb3 Kh8 15. Qd2 f6 16. f4 Nd7 17. g4 Re8 18. h4 Re7 19. g5 fxg5 20. hxg5 Qf8 21. Rxh7+ Kxh7 22. g6+ Kxg6 23. Qg2+ 1-0

[Event "Schleswig Holstein-ch U16 MT"]
[Site "Neumuenster"]
[Date "2008.03.25"]
[Round "3"]
[White "Huhnstock, Rico"]
[Black "Schwarzat, Julian"]
[Result "1/2-1/2"]
[WhiteElo "1856"]
[BlackElo "1931"]
[PlyCount "71"]
[EventDate "2008.03.24"]
[EventType "tourn"]
[EventRounds "9"]
[EventCountry "GER"]
[SourceTitle "EXT 2009"]
[Source "ChessBase"]
[SourceDate "2008.11.26"]
[SourceVersion "1"]
[SourceVersionDate "2008.11.26"]
[SourceQuality "1"]

1. e4 e5 2. Nf3 Nf6 3. Nxe5 d6 4. Nf3 Nxe4 5. Nc3 Nxc3 6. dxc3 Be7 7. Be3 Nc6 8. Qd2 Bg4 9. Be2 0-0 10. 0-0-0 Re8 11. h3 Bh5 12. Kb1 Bg6 13. Nd4 Nxd4 14. cxd4 d5 15. Rhe1 c6 16. Bd3 Bd6 17. Bg5 Qd7 18. Bxg6 hxg6 19. Bh4 Rxe1 20. Rxe1 Re8 21. Re3 f6 22. Qe2 Kf7 23. Bg3 Rxe3 24. Qxe3 Bxg3 25. Qxg3 Qe7 26. Qe3 Qd6 27. g3 b6 28. c3 a5 29. Kc2 b5 30. a3 b4 31. cxb4 axb4 32. a4 Qd7 33. h4 Qa7 34. b3 Qa6 35. Kb2 Qb6 36. Kc2 1/2-1/2

[Event "GER-chT Nord-West U20"]
[Site "Germany"]
[Date "2007.01.21"]
[Round "6.5"]
[White "Huhnstock, Rico"]
[Black "Held, Florian"]
[Result "0-1"]
[WhiteElo "1851"]
[BlackElo "2051"]
[PlyCount "48"]
[EventDate "2006.09.24"]
[EventType "team"]
[EventRounds "9"]
[EventCountry "GER"]
[SourceTitle "EXT 2008"]
[Source "ChessBase"]
[SourceDate "2007.11.25"]
[SourceVersion "1"]
[SourceVersionDate "2007.11.25"]
[SourceQuality "1"]

1. e4 c5 2. Nf3 d6 3. d4 cxd4 4. Nxd4 Nf6 5. Nc3 a6 6. Be2 e6 7. Be3 Be7 8. Qd2 Nc6 9. 0-0-0 0-0 10. f4 Nd7 11. g4 Nxd4 12. Bxd4 b5 13. a3 Rb8 14. f5 Ne5 15. Be3 b4 16. axb4 Rxb4 17. g5 exf5 18. exf5 Bxf5 19. Nd5 Ra4 20. b3 Ra2 21. Nb4 Qa5 22. Nxa2 Qxa2 23. Bd4 Rc8 24. Bb2 Bxg5 0-1

[Event "GER-ch op U25"]
[Site "Willingen"]
[Date "2006.06.08"]
[Round "7"]
[White "Kamrla, Robin"]
[Black "Huhnstock, Rico"]
[Result "0-1"]
[WhiteElo "1532"]
[BlackElo "1795"]
[PlyCount "62"]
[EventDate "2006.06.04"]
[EventType "swiss"]
[EventRounds "9"]
[EventCountry "GER"]
[SourceTitle "EXT 2007"]
[Source "ChessBase"]
[SourceDate "2006.11.23"]
[SourceVersion "1"]
[SourceVersionDate "2006.11.23"]
[SourceQuality "1"]

1. e4 c5 2. Nf3 Nc6 3. d4 cxd4 4. Nxd4 Nf6 5. Nc3 e5 6. Ndb5 d6 7. Bg5 a6 8. Na3 b5 9. Nd5 Be7 10. Bxf6 Bxf6 11. c3 0-0 12. Nc2 Bb7 13. a4 bxa4 14. Rxa4 a5 15. Nce3 Bg5 16. h4 Bxe3 17. Nxe3 Ne7 18. Qb3 Bc6 19. Ra1 Bxe4 20. f3 Bc6 21. Rd1 Qc7 22. Bc4 Rab8 23. Qc2 Qb6 24. Ng4 d5 25. Bd3 e4 26. fxe4 dxe4 27. Bxe4 Bxe4 28. Qxe4 Rfe8 29. Qc2 Nf5+ 30. Kd2 Ne3 31. Nxe3 Qxe3# 0-1

[Event "GER-ch op U25"]
[Site "Willingen"]
[Date "2006.06.04"]
[Round "2"]
[White "Huhnstock, Rico"]
[Black "Billing, Christian"]
[Result "0-1"]
[WhiteElo "1795"]
[BlackElo "2080"]
[PlyCount "54"]
[EventDate "2006.06.04"]
[EventType "swiss"]
[EventRounds "9"]
[EventCountry "GER"]
[SourceTitle "EXT 2007"]
[Source "ChessBase"]
[SourceDate "2006.11.23"]
[SourceVersion "1"]
[SourceVersionDate "2006.11.23"]
[SourceQuality "1"]

1. e4 d5 2. exd5 Qxd5 3. Nc3 Qa5 4. d4 c6 5. Bc4 Bf5 6. Bd2 e6 7. Nge2 Nf6 8. 0-0 Qc7 9. Bf4 Bd6 10. Bxd6 Qxd6 11. Re1 0-0 12. Ng3 Bg6 13. Nce4 Nxe4 14. Nxe4 Qc7 15. c3 Nd7 16. Bd3 Rad8 17. Qc2 e5 18. dxe5 Nxe5 19. Bf1 Rfe8 20. Rad1 h5 21. h3 Re6 22. Qb3 Rxd1 23. Qxd1 Bxe4 24. Rxe4 Ng4 25. Bd3 Qh2+ 26. Kf1 Rxe4 27. Bxe4 Qh1+ 0-1

[Event "Hamburg Junge op"]
[Site "Hamburg"]
[Date "2005.10.07"]
[Round "7"]
[White "Buchholz, Robert"]
[Black "Huhnstock, Rico"]
[Result "1-0"]
[WhiteElo "2016"]
[BlackElo "1620"]
[PlyCount "79"]
[EventDate "2005.10.01"]
[EventType "swiss"]
[EventRounds "9"]
[EventCountry "GER"]
[SourceTitle "CBM 108 Extra"]
[Source "ChessBase"]
[SourceDate "2005.11.04"]
[SourceVersion "1"]
[SourceVersionDate "2005.11.04"]
[SourceQuality "1"]

1. d4 Nf6 2. c4 g6 3. Nc3 Bg7 4. e4 d6 5. h3 0-0 6. Bg5 Nbd7 7. Nf3 c6 8. Bd3 e5 9. d5 cxd5 10. cxd5 Nc5 11. Bc2 Qa5 12. 0-0 Qb4 13. Qd2 a5 14. Rfe1 Bd7 15. Rab1 Rfc8 16. Bh6 Qb6 17. Bxg7 Kxg7 18. Qe3 Qa6 19. a3 b5 20. b4 axb4 21. axb4 Na4 22. Nxa4 bxa4 23. Bd3 Bb5 24. Bxb5 Qxb5 25. Rec1 Nd7 26. Ne1 Nb6 27. Qd3 Qxd3 28. Nxd3 a3 29. b5 f5 30. f3 Nc4 31. exf5 gxf5 32. Nb4 Nb6 33. Rc6 a2 34. Ra1 Rxc6 35. dxc6 Kf7 36. Na6 Nd5 37. Rxa2 Nc3 38. b6 Nxa2 39. b7 Re8 40. c7 1-0

[Event "Hamburg Junge op"]
[Site "Hamburg"]
[Date "2005.10.03"]
[Round "3"]
[White "Grosse Honebrink, Brigitte"]
[Black "Huhnstock, Rico"]
[Result "0-1"]
[WhiteElo "1886"]
[BlackElo "1620"]
[PlyCount "106"]
[EventDate "2005.10.01"]
[EventType "swiss"]
[EventRounds "9"]
[EventCountry "GER"]
[SourceTitle "CBM 108 Extra"]
[Source "ChessBase"]
[SourceDate "2005.11.04"]
[SourceVersion "1"]
[SourceVersionDate "2005.11.04"]
[SourceQuality "1"]

1. d4 Nf6 2. Nf3 g6 3. Bf4 Bg7 4. e3 d6 5. h3 0-0 6. Be2 Nbd7 7. 0-0 b6 8. Nbd2 Bb7 9. a4 Re8 10. Bh2 e5 11. Nb3 Qe7 12. Re1 c5 13. a5 cxd4 14. exd4 e4 15. Bc4 d5 16. Bf1 Qd8 17. Ne5 Nxe5 18. Bxe5 Qd7 19. axb6 axb6 20. Rxa8 Rxa8 21. Qd2 Ra2 22. Ra1 Rxa1 23. Nxa1 Qa4 24. Nb3 Nd7 25. Bxg7 Kxg7 26. Qf4 Qc6 27. c3 Qa4 28. Nd2 Ba6 29. Bxa6 Qxa6 30. Qd6 Qb5 31. Kh2 Nf6 32. Qb4 Qxb4 33. cxb4 Ne8 34. Nb1 Nc7 35. Nc3 f5 36. Kg3 Kf6 37. h4 h6 38. f4 g5 39. hxg5+ hxg5 40. fxg5+ Kxg5 41. Ne2 Ne6 42. Kf2 Nf4 43. Nc1 Kg4 44. g3 Nd3+ 45. Nxd3 exd3 46. Ke3 Kxg3 47. Kxd3 Kf3 48. b5 Kg3 49. Ke2 Kg2 50. Ke3 Kg3 51. Ke2 f4 52. Kf1 Kf3 53. b4 Ke3 0-1

[Event "Harburg-chG 3rd"]
[Site "Hamburg"]
[Date "2005.06.26"]
[Round "5"]
[White "Benthin, Thomas"]
[Black "Huhnstock, Rico"]
[Result "0-1"]
[WhiteElo "1564"]
[BlackElo "1601"]
[PlyCount "76"]
[EventDate "2005.06.??"]
[EventType "tourn"]
[EventRounds "5"]
[EventCountry "GER"]
[SourceTitle "EXT 2006"]
[Source "ChessBase"]
[SourceDate "2005.11.24"]
[SourceVersion "1"]
[SourceVersionDate "2005.11.24"]
[SourceQuality "1"]

1. e4 c5 2. Nf3 Nc6 3. d4 cxd4 4. c3 dxc3 5. Nxc3 d6 6. Bc4 e6 7. 0-0 Nf6 8. Qe2 Be7 9. Rd1 Bd7 10. e5 dxe5 11. Nxe5 Nxe5 12. Qxe5 0-0 13. Qg3 Kh8 14. Bb5 Qc8 15. Bxd7 Nxd7 16. Ne4 Nf6 17. Nc3 Rd8 18. Be3 Bb4 19. Bd4 Qc6 20. Qh4 Bxc3 21. Bxc3 Nd5 22. Rac1 Qb6 23. Be5 Qb4 24. Rc4 Qe7 25. Qg3 f6 26. Bd4 e5 27. Bc5 Qf7 28. Qd3 Qg8 29. Qf3 b6 30. Ba3 Rd7 31. Rdc1 Rad8 32. Qg4 h6 33. b3 Qe8 34. Rc6 Kh7 35. h3 Qg6 36. Qe6 Nf4 37. Qg4 Qxg4 38. hxg4 Ne2+ 0-1

[Event "Harburg-chG 3rd"]
[Site "Hamburg"]
[Date "2005.06.25"]
[Round "2"]
[White "Huhnstock, Rico"]
[Black "Kepler, Ewgenij"]
[Result "0-1"]
[WhiteElo "1601"]
[BlackElo "1658"]
[PlyCount "40"]
[EventDate "2005.06.??"]
[EventType "tourn"]
[EventRounds "5"]
[EventCountry "GER"]
[SourceTitle "EXT 2006"]
[Source "ChessBase"]
[SourceDate "2005.11.24"]
[SourceVersion "1"]
[SourceVersionDate "2005.11.24"]
[SourceQuality "1"]

1. e4 e5 2. Nf3 Nc6 3. Bc4 Nf6 4. Ng5 d5 5. exd5 Nd4 6. c3 b5 7. Bb3 Nxb3 8. Qxb3 Qxd5 9. Qxd5 Nxd5 10. 0-0 f6 11. Ne4 Bf5 12. f3 0-0-0 13. a4 b4 14. Rd1 Nf4 15. Kf1 Nd3 16. Ke2 Be6 17. Nf2 Bb3 18. Rg1 Nxf2 19. Kxf2 Bc5+ 20. Kf1 Bc4+ 0-1

[Event "GER-ch U12"]
[Site "Willingen"]
[Date "2005.05.21"]
[Round "11"]
[White "Huhnstock, Rico"]
[Black "Guennigmann, Manuel"]
[Result "1-0"]
[WhiteElo "1424"]
[BlackElo "1625"]
[PlyCount "124"]
[EventDate "2005.05.14"]
[EventType "swiss"]
[EventRounds "11"]
[EventCountry "GER"]
[SourceTitle "CBM 106 Extra"]
[Source "ChessBase"]
[SourceDate "2005.07.01"]
[SourceVersion "1"]
[SourceVersionDate "2005.07.01"]
[SourceQuality "1"]

1. e4 d5 2. exd5 Qxd5 3. Nc3 Qa5 4. d4 Nf6 5. Bd2 c6 6. Bc4 Bf5 7. Nd5 Qd8 8. Nxf6+ gxf6 9. Ne2 e6 10. Bf4 Be7 11. Bd3 Bg6 12. Qd2 Nd7 13. 0-0-0 Nb6 14. Bg3 Qd7 15. Kb1 Nd5 16. a3 Bd6 17. Bxg6 hxg6 18. Nf4 Nxf4 19. Bxf4 0-0-0 20. Kc1 Kb8 21. h3 Ka8 22. Qe3 Qc7 23. Bxd6 Rxd6 24. Rd3 Rhd8 25. Rhd1 Qa5 26. Qf4 e5 27. dxe5 Rxd3 28. cxd3 Qxe5 29. Qxe5 fxe5 30. Kd2 Kb8 31. Re1 Rd5 32. Re3 Kc7 33. Re4 f5 34. Re3 Kd7 35. Kc3 b6 36. Rg3 Rd6 37. Re3 Rd5 38. Rg3 Rd6 39. Re3 Ke6 40. Rg3 Kf6 41. Re3 Rd4 42. g3 g5 43. Kc2 Rd8 44. Re1 Rh8 45. Rh1 a5 46. Kc3 b5 47. b3 c5 48. f3 b4+ 49. axb4 cxb4+ 50. Kd2 Rc8 51. Rc1 Rxc1 52. Kxc1 f4 53. gxf4 gxf4 54. Kd2 Kg5 55. d4 exd4 56. Kd3 Kh4 57. Kxd4 Kxh3 58. Kd3 Kg2 59. Ke2 Kg3 60. Ke1 Kxf3 61. Kf1 a4 62. bxa4 b3 1-0

[Event "GER-ch U12"]
[Site "Willingen"]
[Date "2005.05.20"]
[Round "10"]
[White "Boos, Philipp"]
[Black "Huhnstock, Rico"]
[Result "0-1"]
[WhiteElo "1586"]
[BlackElo "1424"]
[PlyCount "76"]
[EventDate "2005.05.14"]
[EventType "swiss"]
[EventRounds "11"]
[EventCountry "GER"]
[SourceTitle "CBM 106 Extra"]
[Source "ChessBase"]
[SourceDate "2005.07.01"]
[SourceVersion "1"]
[SourceVersionDate "2005.07.01"]
[SourceQuality "1"]

1. d4 Nf6 2. c4 g6 3. Nc3 Bg7 4. e4 d6 5. f3 0-0 6. Be3 a6 7. Qd2 c6 8. a4 Nbd7 9. Nh3 Qc7 10. Bd3 c5 11. d5 Ne5 12. Nf2 e6 13. 0-0 exd5 14. Nxd5 Nxd5 15. cxd5 Nxd3 16. Nxd3 f5 17. Bh6 Re8 18. Qf4 Bd4+ 19. Kh1 c4 20. Rac1 b5 21. g4 fxg4 22. fxg4 Qe7 23. Nb4 Bd7 24. Rce1 Bxb2 25. Re2 Be5 26. Qf3 Bg7 27. Bg5 Qxg5 28. Qf7+ Kh8 29. Qxd7 Rad8 30. Qa7 Qxg4 31. Rg2 Qxe4 32. Nc2 Rf8 33. Re1 Qxd5 34. Qe7 Qf7 35. Qe2 Rde8 36. Qd2 Rxe1+ 37. Qxe1 Qf1+ 38. Qxf1 Rxf1+ 0-1

[Event "GER-ch U12"]
[Site "Willingen"]
[Date "2005.05.19"]
[Round "9"]
[White "Huhnstock, Rico"]
[Black "Jussupow, Alexander"]
[Result "1/2-1/2"]
[WhiteElo "1424"]
[BlackElo "1943"]
[PlyCount "59"]
[EventDate "2005.05.14"]
[EventType "swiss"]
[EventRounds "11"]
[EventCountry "GER"]
[SourceTitle "CBM 106 Extra"]
[Source "ChessBase"]
[SourceDate "2005.07.01"]
[SourceVersion "1"]
[SourceVersionDate "2005.07.01"]
[SourceQuality "1"]

1. e4 e5 2. Nf3 Nf6 3. Nxe5 d6 4. Nf3 Nxe4 5. d3 Nf6 6. d4 Be7 7. Be2 0-0 8. 0-0 Be6 9. Bf4 Nbd7 10. h3 Nb6 11. Nbd2 Nfd5 12. Bg3 Bg5 13. Ne4 Bh6 14. c4 Nf4 15. Bxf4 Bxf4 16. b3 Bf5 17. Bd3 Qd7 18. Qc2 Bg6 19. Rfe1 Rae8 20. Neg5 f5 21. g3 Bxg5 22. Nxg5 c5 23. d5 Na8 24. Ne6 Rf6 25. Qd2 Nc7 26. Nxc7 Rxe1+ 27. Rxe1 Qxc7 28. Qc2 Qd7 29. Qe2 Kf7 30. Kg2 1/2-1/2